000 00739nam a2200181Ia 4500
008 090630s9999 xx 000 0 und d
082 _b25854
100 _aभैरप्पा एस. एल. अनु. कुलकर्णी उमा.
245 _aमंद्र.
_cभैरप्पा एस. एल. अनु. कुलकर्णी उमा.
260 _bमेहता.
_c2007
300 _a572
600 _aभैरप्पा एस. एल. अनु. कुलकर्णी उमा.
630 _aमंद्र.
655 _aकादंबरी.
700 _aभैरप्पा एस. एल. अनु. कुलकर्णी उमा.
730 _aमंद्र.
942 _cBOOK
999 _c277710
_d277710